000 00406pab a2200157 454500
008 180718b2011 xxu||||| |||| 00| 0 eng d
100 _aSaith, Ashwani
245 _aInequality, imbalance, instability: Reflections on a structural crisis
260 _c2011
300 _ap.70-86.
362 _aJan
650 _aIncome distribution
773 _aDevelopment and Change
908 _aN
909 _a91835
999 _c91835
_d91835